[Event "CZE-ch U16 Girls"]
[Site "Zlate Hory"]
[Date "2006.03.18"]
[Round "9"]
[White "Dunglova, Eva"]
[Black "Drimalova, Barbora"]
[Result "1/2-1/2"]
[WhiteElo "1250"]
[BlackElo "1250"]
[PlyCount "40"]
[EventDate "2006.03.11"]
[EventType "swiss"]
[EventRounds "9"]
[EventCountry "CZE"]
[SourceTitle "EXT 2008"]
[Source "ChessBase"]
[SourceDate "2007.11.25"]
[SourceVersion "1"]
[SourceVersionDate "2007.11.25"]
[SourceQuality "1"]

1. e4 e5 2. Nf3 Nc6 3. Bb5 a6 4. Ba4 b5 5. Bb3 Bc5 6. c3 Nf6 7. Bc2 d6 8. d4 exd4 9. cxd4 Bb4+ 10. Bd2 Bxd2+ 11. Nbxd2 Bg4 12. d5 Ne5 13. Qe2 0-0 14. Qe3 h6 15. Nxe5 dxe5 16. 0-0 Nh5 17. h3 Bd7 18. Bd1 Nf4 19. Nf3 Qf6 20. Nh2 Qg5 1/2-1/2

[Event "CZE-ch U16 Girls"]
[Site "Zlate Hory"]
[Date "2006.03.16"]
[Round "7"]
[White "Drimalova, Barbora"]
[Black "Zerzankova, Aneta"]
[Result "0-1"]
[WhiteElo "1250"]
[BlackElo "1294"]
[PlyCount "78"]
[EventDate "2006.03.11"]
[EventType "swiss"]
[EventRounds "9"]
[EventCountry "CZE"]
[SourceTitle "EXT 2008"]
[Source "ChessBase"]
[SourceDate "2007.11.25"]
[SourceVersion "1"]
[SourceVersionDate "2007.11.25"]
[SourceQuality "1"]

1. e4 e5 2. Nf3 Nc6 3. Bc4 Nf6 4. Nc3 Bc5 5. d3 0-0 6. Bg5 Be7 7. 0-0 d6 8. d4 Bg4 9. Be2 Bxf3 10. Bxf3 Nxd4 11. Re1 c6 12. Bxf6 Bxf6 13. Bg4 d5 14. Re3 Qd6 15. Ne2 Nb5 16. Bf5 Rad8 17. Rd3 d4 18. a4 Nc7 19. c3 c5 20. Qd2 h6 21. Ng3 Ne6 22. Bxe6 fxe6 23. Nh5 Bg5 24. Qe2 Rf7 25. Qg4 Rdf8 26. Rf1 Qe7 27. Rf3 Rxf3 28. gxf3 Qf7 29. h4 Bd2 30. cxd4 exd4 31. b3 Bb4 32. f4 d3 33. f5 exf5 34. exf5 Bc3 35. Rc1 Bd4 36. Rd1 Qxf5 37. Qxf5 Rxf5 38. Ng3 Rxf2 39. Ne4 Rd2+ 0-1